Conversión de monedas y otras implicancias derivadas del cambio de moneda (Registro nro. 31421)

Detalles MARC
000 -LEADER
fixed length control field 00467 a2200133 4500
001 - CONTROL NUMBER
control field ART_30617
005 - DATE AND TIME OF LATEST TRANSACTION
control field 20260410162003.0
008 - FIXED-LENGTH DATA ELEMENTS--GENERAL INFORMATION
fixed length control field 260409a
100 1# - MAIN ENTRY--PERSONAL NAME
Personal name Fronti de García, Luisa
245 10 - TITLE STATEMENT
Title Conversión de monedas y otras implicancias derivadas del cambio de moneda
700 1# - ADDED ENTRY--PERSONAL NAME
Personal name García Casella, Carlos Luis
700 1# - ADDED ENTRY--PERSONAL NAME
Personal name Rodríguez de Ramírez, María del Carmen
773 0# - HOST ITEM ENTRY
Title Foro económico
Related parts - Año III, Nº 4 (mayo 1997)
Record control number REV30369

No hay ítems disponibles.